Súčasné problémy s obchodným menom a ochranou proti zásahu do práva na obchodné meno

Obchodné meno pri zmenách organizačno-právnych noriem štátnych podnikov a pri vzniku nových obchodných spoločností, družstiev a iných právnických osôb. Ochrana proti zásahu do práva na obchodné meno.

Enregistré dans:
Détails bibliographiques
Auteur principal: Vyparina, S.
Format: Chapitre de livre
Langue:slovaque
Sujets:
Tags: Ajouter un tag
Pas de tags, Soyez le premier à ajouter un tag!

MARC

LEADER 00000naa a2200000 4500
001 r014287
005 20221205080330.6
041 0 |a slo 
044 |a SK 
245 1 0 |a Súčasné problémy s obchodným menom a ochranou proti zásahu do práva na obchodné meno  |c S. Vyparina 
520 |a Obchodné meno pri zmenách organizačno-právnych noriem štátnych podnikov a pri vzniku nových obchodných spoločností, družstiev a iných právnických osôb. Ochrana proti zásahu do práva na obchodné meno. 
610 2 0 |a meno obchodné 
610 2 0 |a právo obchodné 
610 2 0 |a normy právne 
100 1 |a Vyparina, S.